|
|
|
|
| LEADER |
01186nam a22002895i 4500 |
| 001 |
28414 |
| 003 |
BD-DhAAL |
| 005 |
20141202105711.0 |
| 008 |
141202s2013 ph b i000 0 eng |
| 010 |
|
|
|a 2014309733
|
| 020 |
|
|
|a 9789292541392 (paperback)
|
| 020 |
|
|
|a 9789292541408 (pdf)
|
| 040 |
|
|
|a DLC
|b eng
|c DLC
|e rda
|d BD-DhAAL
|
| 082 |
|
|
|2 22
|a 332.153095
|
| 245 |
1 |
4 |
|a The social protection index :
|b assessing results for Asia and the Pacific.
|
| 260 |
|
|
|a Manila :
|b Asian Development Bank,
|c 2013
|
| 300 |
|
|
|a xx, 128 pages ;
|c 23 cm
|
| 500 |
|
|
|a "Terry McKinley, Professor in the School of Oriental and African Studies, the University of London, wrote the report"--Acknowledgments page.
|
| 500 |
|
|
|a "Publication stock no. BKK1356752"--Verso of title page.
|
| 504 |
|
|
|a Includes bibliographical references (pages 124-128).
|
| 541 |
|
|
|e 28414
|
| 546 |
|
|
|a In English.
|
| 650 |
|
|
|a Asian Development Bank
|9 6393
|
| 710 |
2 |
|
|a Asian Development Bank,
|e publisher.
|9 6394
|
| 942 |
|
|
|2 ddc
|c BK
|
| 999 |
|
|
|c 33173
|d 33173
|
| 952 |
|
|
|0 0
|1 0
|2 ddc
|4 0
|6 332_153095000000000_SOC
|7 0
|9 44279
|a BRACUL
|b BRACUL
|c GEN
|d 2014-12-02
|e 2402
|l 0
|o 332.153095 SOC
|p 3010028414
|r 2014-12-02
|t 1
|w 2014-12-02
|y BK
|